00946nam a2200229 a 4500001001000000003000900010005001700019007000300036008004100039040002500080082002200105245008500127260003500212300002800247490001600275500019400291650008000485650002000565651008300585700003400668830001400702000002336DO-SdBNP20260305073949.0ta090701s1984 dr a r 000 0 spa d aDO-SdBNPbspacBNPHU 4a332.46bS623c22203aLa situación cambiaria en la República Dominicana /ceditor Frank Moya Pons. aSanto Domingo :bFORUM,c1984. a252 p. :bil. ;c23 cm.1 aForum ;v13 aExposiciones presentadas en el ¨Encuentro sobre la Situación Cambiaria en la República Dominicana¨, celebrada por FORUM el sábado 10 de marzo de 1984, en el Hotel Santo Domingo Sur. 4aPolítica monetariazRepública DominicanavCongresos, conferencias, etc. 4aCambio exterior 4aRepública DominicanaxPolítica EconómicavCongresos, conferenciasa, etc.1 aMoya Pons, Frank,d1944-eed. 0aFORUMv13